000 00579nam a2200169Ia 4500
008 110201s9999 xx 000 0 und d
082 _bB6763
_aK 2215
100 _aपोखरकर प्रशांत
245 _aगाव ढासाळत आहे
260 _bपुष्प प्रकाशन लि.
365 _b250
600 _aपोखरकर प्रशांत
630 _aगाव ढासाळत आहे
700 _aपोखरकर प्रशांत
730 _aगाव ढासाळत आहे
942 _cBOOK
999 _c832347
_d832344